000
00202 a2200097 4500
001
6963
100
_a
Graham, G S
245
_a
concise History of Canada
260
_a
_b
Shames
_c
090
_c
5747
_d
5747
942
_a
NUST-CAE
_c
M
_c
32208
999
_c
242036
_d
242036